Statistics for Top 20 Nottingham Forest Goalscorers in the Premier League

Click here to take the quiz!

General Stats

  • This quiz has been taken 13 times
  • The average score is 4 of 21

Answer Stats

NPlayerNationalityGoals% Correct
12Brennan JohnsonWelsh8
60%
8Taiwo AwoniyiNigerian10
50%
16Roy KeaneIrish6
40%
2Stan CollymoreEnglish22
40%
3Stuart PearceEnglish18
40%
20Chris Bart-WilliamsEnglish4
30%
19Morgan Gibbs-WhiteEnglish5
30%
1Bryan RoyDutch24
20%
9Dougie FreedmanScottish9
20%
7Nigel CloughEnglish11
20%
14Alfe-Inge HaalandNorwegian7
10%
12Colin CooperEnglish8
10%
4Ian WoanEnglish17
10%
20Alan RogersEnglish4
0%
9Gary BannisterEnglish9
0%
6Jason LeeEnglish12
0%
9Kevin CampbellEnglish9
0%
16Kingsley BlackNorthern Irish6
0%
16Lars BohnenNorwegian6
0%
14Pierre van HoojdonkDutch7
0%
5Steve StoneEnglish16
0%

Score Distribution

Percentile by Number Answered

Percent of People with Each Score

Your Score History

You have not taken this quiz